[Event "WchT Seniors 50"]
[Site "Prague"]
[Date "2020.03.09"]
[Round "4.17"]
[White "Priedite, Ingrida"]
[Black "Schweitzer, Andreas"]
[Result "0-1"]
[WhiteElo "2038"]
[BlackElo "2290"]
[PlyCount "133"]
[EventDate "2020.03.06"]
[EventType "team-swiss"]
[EventRounds "7"]
[EventCountry "CZE"]
[SourceTitle "CBM 195 Extra"]
[Source "ChessBase"]
[SourceDate "2020.05.31"]
[SourceVersion "1"]
[SourceVersionDate "2020.05.31"]
[SourceQuality "1"]
[WhiteTeam "Latvia 50 (W)"]
[BlackTeam "Germany 50 III"]
[WhiteTeamCountry "LAT"]
[BlackTeamCountry "GER"]

1. c4 c6 2. b3 d5 3. Bb2 Bg4 4. g3 Nd7 5. Bg2 Ngf6 6. Nf3 e6 7. 0-0 Bd6 8. d3 0-0 9. Nbd2 Re8 10. h3 Bh5 11. Rc1 a5 12. a4 h6 13. Qc2 Bb4 14. e4 dxe4 15. Nxe4 Nxe4 16. dxe4 e5 17. Rcd1 Qc7 18. g4 Bg6 19. Nh4 Nf8 20. Nf5 Ne6 21. Kh1 f6 22. Bc1 Rad8 23. Be3 Bc5 24. Bf3 Bxe3 25. fxe3 Nc5 26. Be2 Bf7 27. Kg2 Be6 28. Rxd8 Rxd8 29. Rd1 Rxd1 30. Bxd1 Qd7 31. Kf3 g6 32. Ng3 h5 33. gxh5 Bxh3 34. Kf2 g5 35. Be2 Kg7 36. Qd1 Qxd1 37. Bxd1 Be6 38. Ke1 Kh6 39. Kd2 g4 40. Kc3 Na6 41. Kd2 Kg5 42. Ke1 Nc5 43. Kf2 Bf7 44. h6 Kxh6 45. Bxg4 Nxb3 46. Bc8 Nc5 47. Nf5+ Kg6 48. Nd6 b6 49. Ke2 Nxa4 50. Bd7 Nb2 51. Bxc6 a4 52. Kd2 Nxc4+ 53. Nxc4 Bxc4 54. Bxa4 Kg5 55. Bd7 Kh4 56. Kc3 Ba6 57. Bc6 Kg3 58. Bd5 Kf3 59. Kd2 Bb5 60. Bb7 Be8 61. Bd5 Bg6 62. Kd3 b5 63. Bc6 b4 64. Bd5 Bh7 65. Kc4 Bxe4 66. Bf7 Kxe3 67. Kxb4 0-1

[Event "Oberliga Ost-A 1819"]
[Site "Germany"]
[Date "2019.04.07"]
[Round "11.2"]
[White "Schweitzer, Andreas"]
[Black "Heistermann, Till"]
[Result "1-0"]
[WhiteElo "2261"]
[BlackElo "2204"]
[PlyCount "131"]
[EventDate "2018.10.21"]
[EventType "team-tourn"]
[EventRounds "11"]
[EventCountry "GER"]
[SourceTitle "EXT 2020"]
[Source "ChessBase"]
[SourceDate "2019.10.17"]
[SourceVersion "1"]
[SourceVersionDate "2019.10.17"]
[SourceQuality "1"]
[WhiteTeam "Coswig TuS"]
[BlackTeam "Leipzig SG"]
[WhiteTeamCountry "GER"]
[BlackTeamCountry "GER"]

1. e4 c5 2. Nf3 e6 3. d4 cxd4 4. Nxd4 a6 5. Nc3 Qc7 6. g3 Nf6 7. Bg2 d6 8. 0-0 Be7 9. f4 0-0 10. g4 Nc6 11. Nb3 b5 12. a3 Bb7 13. Be3 Nd7 14. Qe2 Nb6 15. Rad1 Nc4 16. Bc1 Rfe8 17. g5 Bf8 18. Rf3 g6 19. Rh3 Qe7 20. Qf2 N6a5 21. Qh4 h5 22. Bf3 Bg7 23. Bxh5 gxh5 24. Qxh5 Bc8 25. Nxa5 Qa7+ 26. Kf1 Nxa5 27. f5 exf5 28. Qh7+ Kf8 29. exf5 Re5 30. Rf3 Qb7 31. Kf2 Qa7+ 32. Kg3 Rxf5 33. Rxf5 Bxf5 34. Qxf5 Nc4 35. Nd5 Ne5 36. Be3 Qd7 37. Qxd7 Nxd7 38. Bd4 Ne5 39. Ne3 Nc4 40. Bxg7+ Kxg7 41. Nxc4 bxc4 42. Rxd6 Rb8 43. Rc6 Rxb2 44. Rxc4 f6 45. Kf4 fxg5+ 46. Kxg5 Rb5+ 47. Kg4 a5 48. h4 Rb1 49. Kf3 Rh1 50. Ke2 Kf6 51. c3 Ke5 52. Rd4 Ke6 53. Ke3 Ra1 54. a4 Ra2 55. Kd3 Ke5 56. Rg4 Kd6 57. h5 Ke6 58. h6 Rh2 59. Rg6+ Kd7 60. Ra6 Kc7 61. Ke4 Kb7 62. Rf6 Rh4+ 63. Kf5 Rxa4 64. h7 Rh4 65. Kg6 a4 66. Kg7 1-0

[Event "Oberliga Ost-A 1819"]
[Site "Germany"]
[Date "2019.03.24"]
[Round "9.2"]
[White "Schweitzer, Andreas"]
[Black "Melamed, Tatiana"]
[Result "1-0"]
[WhiteElo "2261"]
[BlackElo "2381"]
[PlyCount "53"]
[EventDate "2018.10.21"]
[EventType "team-tourn"]
[EventRounds "11"]
[EventCountry "GER"]
[SourceTitle "EXT 2020"]
[Source "ChessBase"]
[SourceDate "2019.10.17"]
[SourceVersion "1"]
[SourceVersionDate "2019.10.17"]
[SourceQuality "1"]
[WhiteTeam "Coswig TuS"]
[BlackTeam "Magdeburg Aufbau Elbe"]
[WhiteTeamCountry "GER"]
[BlackTeamCountry "GER"]

1. e4 c5 2. Nf3 e6 3. d4 cxd4 4. Nxd4 Nc6 5. Nc3 Qc7 6. g3 a6 7. Bg2 h5 8. 0-0 h4 9. Re1 hxg3 10. hxg3 Bc5 11. Nxc6 bxc6 12. e5 Bb7 13. Bf4 Bb4 14. Ne4 Bxe1 15. Qxe1 Ne7 16. Nd6+ Kf8 17. Rd1 Rb8 18. Qe4 Nc8 19. Be3 Qa5 20. Nxf7 Kxf7 21. Rxd7+ Ne7 22. Bg5 Kg8 23. Rxe7 Qxa2 24. Bh4 Qb1+ 25. Bf1 Qxb2 26. Qg6 Qxe5 27. Qf7+ 1-0

[Event "Oberliga Ost-A 1718"]
[Site "Germany"]
[Date "2018.03.18"]
[Round "9.2"]
[White "Schweitzer, Andreas"]
[Black "Hoepfl, Thomas"]
[Result "1/2-1/2"]
[WhiteElo "2228"]
[BlackElo "2276"]
[PlyCount "27"]
[EventDate "2017.10.22"]
[EventType "team-tourn"]
[EventRounds "11"]
[EventCountry "GER"]
[SourceTitle "EXT 2019"]
[Source "ChessBase"]
[SourceDate "2018.10.10"]
[SourceVersion "1"]
[SourceVersionDate "2018.10.10"]
[SourceQuality "1"]
[WhiteTeam "Coswig TuS"]
[BlackTeam "Halle USV"]
[WhiteTeamCountry "GER"]
[BlackTeamCountry "GER"]

1. e4 e5 2. Bc4 Nf6 3. d3 Nc6 4. Nc3 Bb4 5. Nge2 d5 6. exd5 Nxd5 7. 0-0 Nxc3 8. bxc3 Bd6 9. f4 exf4 10. Bxf4 0-0 11. Ng3 Bxf4 12. Rxf4 Qg5 13. Qf1 Nd8 14. Ne4 1/2-1/2

[Event "Oberliga Ost-A 1718"]
[Site "Germany"]
[Date "2018.02.04"]
[Round "7.2"]
[White "Schweitzer, Andreas"]
[Black "Gehmlich, Marcel"]
[Result "1/2-1/2"]
[WhiteElo "2228"]
[BlackElo "2187"]
[PlyCount "25"]
[EventDate "2017.10.22"]
[EventType "team-tourn"]
[EventRounds "11"]
[EventCountry "GER"]
[SourceTitle "EXT 2019"]
[Source "ChessBase"]
[SourceDate "2018.10.10"]
[SourceVersion "1"]
[SourceVersionDate "2018.10.10"]
[SourceQuality "1"]
[WhiteTeam "Coswig TuS"]
[BlackTeam "Dresden Gruen Weiss"]
[WhiteTeamCountry "GER"]
[BlackTeamCountry "GER"]

1. e4 c5 2. Nf3 e6 3. d4 cxd4 4. Nxd4 a6 5. Nc3 Qc7 6. g3 Nf6 7. Bg2 Be7 8. 0-0 0-0 9. f4 d6 10. Be3 Bd7 11. g4 h6 12. g5 hxg5 13. fxg5 1/2-1/2

[Event "Oberliga Ost-A 1718"]
[Site "Germany"]
[Date "2017.11.11"]
[Round "2.2"]
[White "Schunk, Thomas"]
[Black "Schweitzer, Andreas"]
[Result "1/2-1/2"]
[WhiteElo "2152"]
[BlackElo "2228"]
[PlyCount "84"]
[EventDate "2017.10.22"]
[EventType "team-tourn"]
[EventRounds "11"]
[EventCountry "GER"]
[SourceTitle "EXT 2019"]
[Source "ChessBase"]
[SourceDate "2018.10.10"]
[SourceVersion "1"]
[SourceVersionDate "2018.10.10"]
[SourceQuality "1"]
[WhiteTeam "Leipzig SG II"]
[BlackTeam "Coswig TuS"]
[WhiteTeamCountry "GER"]
[BlackTeamCountry "GER"]

1. c4 e6 2. Nf3 d5 3. b3 c5 4. Bb2 Nc6 5. e3 d4 6. exd4 cxd4 7. d3 Nf6 8. a3 a5 9. g3 e5 10. Bg2 Bc5 11. 0-0 0-0 12. Nbd2 Bf5 13. Ne1 Qb6 14. Ne4 Nd7 15. Rb1 Bg6 16. h4 f5 17. Ng5 Nf6 18. Ne6 Rfe8 19. Nxc5 Qxc5 20. b4 axb4 21. axb4 Nxb4 22. Qb3 Nc6 23. Qxb7 e4 24. Qb5 Nd7 25. Nc2 Rab8 26. Qxc5 Nxc5 27. Nxd4 Rxb2 28. Nxc6 Nxd3 29. Rxb2 Nxb2 30. Rc1 Re6 31. Nd4 Rd6 32. Nb5 Rc6 33. Bf1 Nd3 34. Rc3 Bf7 35. Bxd3 exd3 36. Rxd3 Bxc4 37. Rd8+ Kf7 38. Nd4 Rc5 39. Rd7+ Kf6 40. f4 Rd5 41. Rxd5 Bxd5 42. Kf2 h6 1/2-1/2

[Event "Oberliga Ost-A 1617"]
[Site "Germany"]
[Date "2017.05.07"]
[Round "11.3"]
[White "Schweitzer, Andreas"]
[Black "Pulpan, Jakub"]
[Result "1/2-1/2"]
[WhiteElo "2210"]
[BlackElo "2337"]
[PlyCount "26"]
[EventDate "2016.10.16"]
[EventType "team-tourn"]
[EventRounds "11"]
[EventCountry "GER"]
[SourceTitle "EXT 2018"]
[Source "ChessBase"]
[SourceDate "2017.10.13"]
[SourceVersion "1"]
[SourceVersionDate "2017.10.13"]
[SourceQuality "1"]
[WhiteTeam "Coswig TuS"]
[BlackTeam "Aue Nickelhuette II"]
[WhiteTeamCountry "GER"]
[BlackTeamCountry "GER"]

1. e4 c5 2. Nf3 d6 3. d4 cxd4 4. Nxd4 Nf6 5. Nc3 a6 6. h3 e5 7. Nde2 h5 8. Bg5 Be6 9. Ng3 Nbd7 10. Qf3 Rc8 11. Bd3 Qb6 12. 0-0 Qxb2 13. Nd5 h4 1/2-1/2

[Event "Oberliga Ost-A 1617"]
[Site "Germany"]
[Date "2016.12.04"]
[Round "4.3"]
[White "Schweitzer, Andreas"]
[Black "Melamed, Tatiana"]
[Result "1/2-1/2"]
[WhiteElo "2210"]
[BlackElo "2318"]
[PlyCount "109"]
[EventDate "2016.10.16"]
[EventType "team-tourn"]
[EventRounds "11"]
[EventCountry "GER"]
[SourceTitle "EXT 2018"]
[Source "ChessBase"]
[SourceDate "2017.10.13"]
[SourceVersion "1"]
[SourceVersionDate "2017.10.13"]
[SourceQuality "1"]
[WhiteTeam "Coswig TuS"]
[BlackTeam "Magdeburg Aufbau Elbe"]
[WhiteTeamCountry "GER"]
[BlackTeamCountry "GER"]

1. e4 c5 2. Nf3 Nc6 3. d4 cxd4 4. Nxd4 g6 5. c4 Bg7 6. Be3 Nf6 7. Nc3 0-0 8. Be2 d6 9. 0-0 Nxd4 10. Bxd4 Bd7 11. Qd2 Bc6 12. f3 Nd7 13. Be3 a5 14. b3 Nc5 15. Rab1 Qb6 16. Qc1 Qb4 17. Nd1 Qb6 18. a3 Qc7 19. Nc3 a4 20. Nd5 Bxd5 21. cxd5 axb3 22. Rxb3 Rfc8 23. Rb5 Na4 24. Qxc7 Rxc7 25. Kf2 Nc3 26. Rb3 Nxe2 27. Kxe2 Rc2+ 28. Bd2 Ra4 29. Rd3 Bh6 30. Rb1 Rxd2+ 31. Rxd2 Bxd2 32. Kxd2 Rxa3 33. Rxb7 Ra2+ 34. Ke1 Kf8 35. Kf1 g5 36. Rb8+ Kg7 37. Re8 Kf6 38. Rh8 Kg7 39. Re8 Ra7 40. g4 Kf6 41. Rh8 Ke5 42. Rxh7 f6 43. h4 Kf4 44. Kg2 gxh4 45. Rf7 h3+ 46. Kxh3 Kxf3 47. g5 Ra1 48. Kh2 Ra2+ 49. Kh3 Ra8 50. g6 Ra1 51. Kh2 Ra2+ 52. Kh3 Ra1 53. Kh2 Ra2+ 54. Kh3 Ra1 55. Kh2 1/2-1/2

[Event "Oberliga Ost-A 1213"]
[Site "Germany"]
[Date "2013.03.17"]
[Round "9.3"]
[White "Jaeger, Dominik"]
[Black "Schweitzer, Andreas"]
[Result "1-0"]
[WhiteElo "2164"]
[BlackElo "2241"]
[PlyCount "49"]
[EventDate "2012.10.14"]
[EventType "team-tourn"]
[EventRounds "11"]
[EventCountry "GER"]
[SourceTitle "EXT 2014"]
[Source "ChessBase"]
[SourceDate "2013.11.20"]
[SourceVersion "1"]
[SourceVersionDate "2013.11.20"]
[SourceQuality "1"]
[WhiteTeam "Magdeburg Rochade"]
[BlackTeam "Coswig"]
[WhiteTeamCountry "GER"]
[BlackTeamCountry "GER"]

1. e4 c5 2. c3 Nf6 3. e5 Nd5 4. d4 cxd4 5. Nf3 Nc6 6. cxd4 d6 7. Bc4 Nb6 8. Bb5 dxe5 9. Nxe5 Bd7 10. Nxd7 Qxd7 11. Nc3 e6 12. 0-0 Be7 13. Qg4 0-0 14. Rd1 f5 15. Qe2 Kh8 16. Bf4 a6 17. Bxc6 bxc6 18. Rac1 Rfe8 19. Rd3 Nd5 20. Nxd5 Qxd5 21. b3 a5 22. Be5 Kg8 23. Rh3 g6 24. Qe3 Ra7 25. Rxh7 1-0

[Event "Oberliga Ost-A 0809"]
[Site "Germany"]
[Date "2008.12.14"]
[Round "4.3"]
[White "Neukirch, Detlef"]
[Black "Schweitzer, Andreas"]
[Result "1/2-1/2"]
[WhiteElo "2276"]
[BlackElo "2258"]
[PlyCount "65"]
[EventDate "2008.10.12"]
[EventType "team-tourn"]
[EventRounds "11"]
[EventCountry "GER"]
[SourceTitle "EXT 2010"]
[Source "ChessBase"]
[SourceDate "2010.11.25"]
[SourceVersion "1"]
[SourceVersionDate "2010.11.25"]
[SourceQuality "1"]
[WhiteTeam "Halle USV"]
[BlackTeam "Coswig"]
[WhiteTeamCountry "GER"]
[BlackTeamCountry "GER"]

1. e4 c5 2. Nf3 a6 3. c4 e6 4. Nc3 Qc7 5. Be2 Nc6 6. d4 cxd4 7. Nxd4 Nf6 8. 0-0 Bb4 9. Qd3 0-0 10. Bd2 Nxd4 11. Qxd4 Bc5 12. Qd3 b6 13. Bg5 Bb7 14. Bxf6 gxf6 15. Rad1 Bc6 16. Qh3 Kh8 17. Qh6 Qe5 18. Kh1 Qg5 19. Qxg5 fxg5 20. a3 a5 21. Rd3 f5 22. exf5 Rxf5 23. Bf3 Bxf3 24. gxf3 Raf8 25. Kg2 g4 26. fxg4 Rxf2+ 27. Rxf2 Rxf2+ 28. Kg3 Rxb2 29. Ne4 d6 30. Nxd6 Bxd6+ 31. Rxd6 Rb3+ 32. Kf4 Rxa3 33. Rxb6 1/2-1/2

[Event "Oberliga Ost-A 0708"]
[Site "Germany"]
[Date "2007.11.04"]
[Round "3.3"]
[White "Schweitzer, Andreas"]
[Black "Pulina, Wolfgang"]
[Result "1/2-1/2"]
[WhiteElo "2260"]
[BlackElo "2132"]
[PlyCount "21"]
[EventDate "2007.09.23"]
[EventType "team-tourn"]
[EventRounds "11"]
[EventCountry "GER"]
[SourceTitle "EXT 2009"]
[Source "ChessBase"]
[SourceDate "2008.11.26"]
[SourceVersion "1"]
[SourceVersionDate "2008.11.26"]
[SourceQuality "1"]
[WhiteTeam "Coswig"]
[BlackTeam "Jena Jenapharm"]
[WhiteTeamCountry "GER"]
[BlackTeamCountry "GER"]

1. e4 c5 2. Nc3 d6 3. Nf3 Nc6 4. d4 cxd4 5. Nxd4 Nf6 6. Bc4 e6 7. 0-0 a6 8. Bb3 Be7 9. f4 Qc7 10. Kh1 Bd7 11. f5 1/2-1/2

[Event "Oberliga Ost-A 0708"]
[Site "Germany"]
[Date "2007.10.07"]
[Round "1.3"]
[White "Schweitzer, Andreas"]
[Black "Hollstein, Frank"]
[Result "1-0"]
[WhiteElo "2260"]
[BlackElo "2089"]
[PlyCount "81"]
[EventDate "2007.09.23"]
[EventType "team-tourn"]
[EventRounds "11"]
[EventCountry "GER"]
[SourceTitle "EXT 2009"]
[Source "ChessBase"]
[SourceDate "2008.11.26"]
[SourceVersion "1"]
[SourceVersionDate "2008.11.26"]
[SourceQuality "1"]
[WhiteTeam "Coswig"]
[BlackTeam "Ebersbach"]
[WhiteTeamCountry "GER"]
[BlackTeamCountry "GER"]

1. e4 e5 2. Nf3 Nc6 3. Nc3 g6 4. d4 exd4 5. Nxd4 Bg7 6. Be3 Nf6 7. Nxc6 bxc6 8. e5 Ng8 9. f4 d5 10. Qf3 Qe7 11. 0-0-0 Nh6 12. Nxd5 cxd5 13. Qxd5 0-0 14. Qxa8 Bg4 15. Qxa7 Bxd1 16. Kxd1 Qd7+ 17. Kc1 Rd8 18. Be2 Nf5 19. Rd1 Qc8 20. Rxd8+ Qxd8 21. Bc5 h5 22. g3 Qd5 23. Bg1 Bh6 24. Bd3 Qxe5 25. c3 Nd6 26. Kc2 Qe7 27. Bd4 Qd7 28. b4 Bf8 29. Qa8 Nc8 30. Be5 Nb6 31. Qb8 Nd5 32. Be4 Ne3+ 33. Kb2 Nc4+ 34. Kb3 Nxe5 35. fxe5 Qe6+ 36. c4 Qxe5 37. Bd5 Qe3+ 38. Ka4 Qd2 39. Qxc7 Qxa2+ 40. Kb5 Qb3 41. Qxf7+ 1-0

[Event "Oberliga Ost-A 0506"]
[Site "Germany"]
[Date "2006.04.02"]
[Round "11.2"]
[White "Schweitzer, Andreas"]
[Black "Espig, Lutz"]
[Result "1/2-1/2"]
[WhiteElo "2221"]
[BlackElo "2444"]
[PlyCount "81"]
[EventDate "2005.11.13"]
[EventType "team-tourn"]
[EventRounds "11"]
[EventCountry "GER"]
[SourceTitle "EXT 2007"]
[Source "ChessBase"]
[SourceDate "2006.11.23"]
[SourceVersion "1"]
[SourceVersionDate "2006.11.23"]
[SourceQuality "1"]
[WhiteTeam "Coswig"]
[BlackTeam "Koenig Plauen"]
[WhiteTeamCountry "GER"]
[BlackTeamCountry "GER"]

1. c4 c5 2. Nf3 Nf6 3. d4 cxd4 4. Nxd4 e6 5. Nc3 Bb4 6. Bd2 Nc6 7. Nc2 Be7 8. e4 0-0 9. Be2 d5 10. exd5 exd5 11. cxd5 Nxd5 12. 0-0 Bf6 13. Nxd5 Qxd5 14. Ne3 Qe4 15. Bf3 Qd3 16. Bc3 Qxd1 17. Rfxd1 Bxc3 18. bxc3 Be6 19. Bd5 Bxd5 20. Rxd5 Rfd8 21. Rad1 Rxd5 22. Rxd5 Rd8 23. Rxd8+ Nxd8 24. Kf1 Kf8 25. Ke2 Ke7 26. Kd3 Ke6 27. f4 f5 28. Kd4 Nf7 29. c4 Nd6 30. c5 Ne4 31. Nc4 Kd7 32. Na5 b6 33. cxb6 axb6 34. Nc4 b5 35. Na3 Kc6 36. g4 Nd6 37. g5 Ne4 38. Nc2 Kd6 39. Na3 Kc6 40. Nc2 Kd6 41. Na3 1/2-1/2

[Event "Oberliga Ost-A 0506"]
[Site "Germany"]
[Date "2006.03.12"]
[Round "9.2"]
[White "Schweitzer, Andreas"]
[Black "Wagner, Christian"]
[Result "1-0"]
[WhiteElo "2221"]
[BlackElo "2252"]
[PlyCount "103"]
[EventDate "2005.11.13"]
[EventType "team-tourn"]
[EventRounds "11"]
[EventCountry "GER"]
[SourceTitle "EXT 2007"]
[Source "ChessBase"]
[SourceDate "2006.11.23"]
[SourceVersion "1"]
[SourceVersionDate "2006.11.23"]
[SourceQuality "1"]
[WhiteTeam "Coswig"]
[BlackTeam "Magdeburg Rochade"]
[WhiteTeamCountry "GER"]
[BlackTeamCountry "GER"]

1. e4 c5 2. Nf3 d6 3. d4 cxd4 4. Nxd4 Nf6 5. Nc3 g6 6. Be3 Bg7 7. f3 0-0 8. Qd2 Nc6 9. 0-0-0 Nxd4 10. Bxd4 Be6 11. Kb1 Qc7 12. h4 Rfc8 13. h5 Qa5 14. hxg6 fxg6 15. a3 a6 16. Bxf6 Bxf6 17. Nd5 Qxd2 18. Nxf6+ exf6 19. Rxd2 Rc6 20. Be2 Rac8 21. f4 f5 22. Bf3 fxe4 23. Bxe4 d5 24. Bf3 Rd6 25. Re1 Kf8 26. Rde2 Bf7 27. Re7 Re8 28. Rxe8+ Bxe8 29. Kc1 Bc6 30. Re5 h5 31. f5 d4 32. fxg6 d3 33. Rxh5 Bxf3 34. gxf3 Rc6 35. c3 Rxg6 36. Rh2 Kg7 37. Kd2 Rd6 38. Rh3 Kg6 39. f4 Kf5 40. Rxd3 Rb6 41. b4 Kxf4 42. Rd7 Ke4 43. Kc2 a5 44. Kb3 Ke5 45. c4 axb4 46. axb4 Ke6 47. Rh7 Ra6 48. Rh6+ Kd7 49. Rxa6 bxa6 50. Ka4 Kc8 51. Ka5 Kb7 52. c5 1-0

[Event "Oberliga Ost-A 0506"]
[Site "Germany"]
[Date "2005.12.11"]
[Round "4.2"]
[White "Andre, Gordon"]
[Black "Schweitzer, Andreas"]
[Result "1/2-1/2"]
[WhiteElo "2297"]
[BlackElo "2221"]
[PlyCount "155"]
[EventDate "2005.11.13"]
[EventType "team-tourn"]
[EventRounds "11"]
[EventCountry "GER"]
[SourceTitle "EXT 2007"]
[Source "ChessBase"]
[SourceDate "2006.11.23"]
[SourceVersion "1"]
[SourceVersionDate "2006.11.23"]
[SourceQuality "1"]
[WhiteTeam "Magdeburg Aufbau Elbe"]
[BlackTeam "Coswig"]
[WhiteTeamCountry "GER"]
[BlackTeamCountry "GER"]

1. d4 d5 2. c4 c6 3. Nf3 e6 4. Nc3 dxc4 5. e4 b5 6. Be2 Nf6 7. Bg5 Be7 8. e5 Nd5 9. Qd2 Nxc3 10. bxc3 Bb7 11. 0-0 Nd7 12. Bxe7 Qxe7 13. Ng5 c5 14. Rab1 a6 15. f4 h6 16. Nh3 Nb6 17. Qe3 Nd5 18. Qg3 cxd4 19. cxd4 Nb4 20. a4 Bc6 21. f5 0-0-0 22. axb5 axb5 23. f6 gxf6 24. exf6 Qf8 25. Qa3 Nd5 26. Qa7 Qd6 27. Rfc1 Nc7 28. Bxc4 bxc4 29. Rxc4 Rhg8 30. d5 Rxg2+ 31. Kf1 Qxd5 32. Rb8+ Kd7 33. Rd4 Rxb8 34. Rxd5+ Bxd5 35. Qxb8 Rg6 36. Qf8 Rxf6+ 37. Nf2 h5 38. Qg7 Rf5 39. Ke1 Ne8 40. Qc3 Nd6 41. Qd4 f6 42. Nd3 Ne4 43. Nb4 Ke7 44. Ke2 Kf7 45. Ke3 Ng5 46. Nd3 Kg7 47. Nf4 Nf7 48. Qa1 Re5+ 49. Kd2 Rf5 50. Qg1+ Rg5 51. Nxh5+ Kh6 52. Ng3 Nd6 53. Qc5 Rxg3 54. Qxd6 Rg5 55. Qf8+ Kg6 56. Qg8+ Kh6 57. Qh8+ Kg6 58. Qg8+ Kh6 59. Qh8+ Kg6 60. h4 Rh5 61. Qe8+ Kh6 62. Qf8+ Kg6 63. Qg8+ Kh6 64. Qg4 Rf5 65. Ke3 Kh7 66. Kd3 Bf3 67. Qa4 Rd5+ 68. Ke3 Bh5 69. Qa7+ Kg8 70. Qe7 Re5+ 71. Kd4 Rd5+ 72. Kc3 Bf7 73. Qxf6 Rf5 74. Qd8+ Kg7 75. Qd4+ Kg8 76. Qg4+ Kh7 77. Kd4 Kh8 78. Ke4 1/2-1/2

[Event "Oberliga Ost-A 0405"]
[Site "Germany"]
[Date "2005.04.09"]
[Round "10.2"]
[White "Schweitzer, Andreas"]
[Black "Bindrich, Falko"]
[Result "0-1"]
[WhiteElo "2240"]
[BlackElo "2277"]
[PlyCount "46"]
[EventDate "2004.10.10"]
[EventType "team-tourn"]
[EventRounds "11"]
[EventCountry "GER"]
[SourceTitle "EXT 2006"]
[Source "ChessBase"]
[SourceDate "2005.11.24"]
[SourceVersion "1"]
[SourceVersionDate "2005.11.24"]
[SourceQuality "1"]
[WhiteTeam "Coswig"]
[BlackTeam "Dresden SC 1898"]
[WhiteTeamCountry "GER"]
[BlackTeamCountry "GER"]

1. e4 c5 2. Nc3 d6 3. Nf3 Nf6 4. e5 dxe5 5. Nxe5 e6 6. Bb5+ Nbd7 7. d4 a6 8. Bxd7+ Nxd7 9. Qh5 g6 10. Qf3 Nxe5 11. dxe5 Bg7 12. Bf4 0-0 13. Ne4 f5 14. exf6 Bxf6 15. Rd1 Qe8 16. Nxf6+ Rxf6 17. Qe4 Bd7 18. Be5 Rf5 19. f4 Bc6 20. Qe2 g5 21. 0-0 Qg6 22. c4 gxf4 23. Rxf4 Rxe5 0-1

[Event "Oberliga Ost-A 0304"]
[Site "Germany"]
[Date "2004.02.14"]
[Round "6.3"]
[White "Baer, Soeren"]
[Black "Schweitzer, Andreas"]
[Result "0-1"]
[WhiteElo "2103"]
[BlackElo "2191"]
[PlyCount "116"]
[EventDate "2003.11.02"]
[EventType "team-tourn"]
[EventRounds "11"]
[EventCountry "GER"]
[SourceTitle "EXT 2005"]
[Source "ChessBase"]
[SourceDate "2004.11.15"]
[SourceVersion "1"]
[SourceVersionDate "2004.11.15"]
[SourceQuality "1"]
[WhiteTeam "Leipzig Lok II"]
[BlackTeam "Coswig"]
[WhiteTeamCountry "GER"]
[BlackTeamCountry "GER"]

1. d4 d5 2. c4 c6 3. Nf3 Nf6 4. Qc2 g6 5. Bf4 Bg7 6. e3 0-0 7. Nc3 a6 8. c5 Bf5 9. Qb3 Ra7 10. h3 Nbd7 11. Be2 Ne4 12. 0-0 e5 13. Bh2 Re8 14. Rfe1 Ng5 15. Rad1 Nxf3+ 16. Bxf3 exd4 17. Na4 dxe3 18. Rxe3 Bf8 19. Rxe8 Qxe8 20. Qc3 Ra8 21. Re1 Be6 22. Bg4 f5 23. Bd1 Qf7 24. Qb4 b5 25. Nc3 Nxc5 26. Qd4 Ne4 27. Nxe4 dxe4 28. Qb6 Bxa2 29. Qxc6 Rd8 30. Qxa6 Bb4 31. Bc7 Rd7 32. Qa8+ Kg7 33. Be5+ Kh6 34. Bc3 Bxc3 35. bxc3 Bc4 36. Qb8 Kg7 37. Be2 Qf6 38. Qc8 Qd8 39. Qc5 Qc7 40. Qxc7 Rxc7 41. Bxc4 Rxc4 42. Rb1 Rc5 43. Kf1 Kf6 44. Ke2 Ke5 45. Kd2 Rd5+ 46. Kc2 Kf4 47. Rb4 h5 48. c4 bxc4 49. Rxc4 Rd3 50. h4 Rd6 51. Rc3 Kg4 52. g3 Kh3 53. Kc1 Kg2 54. Rc2 e3 55. fxe3+ Kxg3 56. Rc4 Re6 57. Kd2 Re4 58. Rc6 Rg4 0-1